Kraje z klubami w finale Ligi Mistrzów piłki ręcznej mężczyzn - Statystyki

Ogólne statystyki
  • Ten quiz został rozwiązany 33 razy
  • Średni wynik to 14 z 18
Statystyki odpowiedzi
Kraj Triumfator Finalista Liczba finałów % Poprawnych
Francja 2 2 4
100%
Hiszpania 18 13 31
100%
Niemcy 18 11 29
100%
NRD 4 2 6
100%
Dania 0 4 4
97%
Polska 1 5 6
97%
Szwecja 1 1 2
97%
ZSRR 5 3 8
97%
Węgry 1 5 6
86%
Czechosłowacja 3 2 5
79%
Chorwacja 2 4 6
76%
Portugalia 0 1 1
66%
Rumunia 3 3 6
66%
Słowenia 1 0 1
62%
Jugosławia 4 7 11
59%
Szwajcaria 0 1 1
59%
Islandia 0 1 1
48%
Macedonia Północna 2 0 2
45%
Nie znaleziono quizów pasujących do podanych kryteriów
Rozkład punktacji
Procent ludzi z każdym wynikiem
Percentyl według liczby udzielonych odpowiedzi
Twoja historia wyników
Nie rozwiązałeś tego quizu